Normal view
MARC view
Entry Personal Name
001 - CONTROL NUMBER
- control field: 18236
003 - CONTROL NUMBER IDENTIFIER
- control field: OSt
005 - DATE AND TIME OF LATEST TRANSACTION
- control field: 20240627112559.0
008 - FIXED-LENGTH DATA ELEMENTS
- fixed length control field: 240627|| aca||aabn | a|a d
040 ## - CATALOGING SOURCE
- Original cataloging agency: OSt
- Transcribing agency: OSt
100 ## - HEADING--PERSONAL NAME
- Personal name: Selรงuk, Faruk
670 ## - SOURCE DATA FOUND
- Source citation: Work cat.: (OSt)8987: Genรงay, Ramazan. 18234, An introduction to wavelets and other filtering methods in finance and economics /, c2002.
